KPOP BOY GROUP - Statistics

General Stats
  • This quiz has been taken 140 times
  • The average score is 124 of 330
Answer Stats
GROUP IDOLS % Correct
JUN
95%
JIN
94%
K
94%
N
94%
JIMIN
89%
JUNGKOOK
89%
BTS RM
89%
CHEN
88%
JAY
88%
SUGA
88%
V
88%
KAI
86%
J-HOPE
85%
JO
84%
FELIX
83%
JAKE
83%
SAN
83%
STRAY KIDS BANG CHAN
82%
HAN
82%
SEUNGHO
82%
SUNGHO
82%
CHANGBIN
81%
HEESEUNG
81%
HYUN
81%
I.N
81%
ENHYPEN JUNGWON
81%
NI-KI
81%
SUNOO
81%
LEE KNOW
79%
SUNGHOON
79%
SEUNGMIN
76%
BEOMGYU
75%
HYUNJIN
75%
MARK
75%
TOMORROW X TOGETHER SOOBIN
75%
MINGI
74%
TAEHYUN
74%
BIGBANG G-DRAGON
73%
YEONJUN
73%
JAMES
72%
CORTIS MARTIN
70%
HUENINGKAI
69%
JACKSON
69%
D.O.
68%
VERNON
67%
BOYNEXTDOOR JAEHYUN
66%
P1HARMONY KEEHO
66%
TAEMIN
66%
DINO
65%
HARU
65%
MOONBIN
64%
WOOYOUNG
64%
RICKY
63%
YUNHO
63%
ATEEZ HONGJOONG
62%
MINGYU
62%
SEVENTEEN S.COUPS
62%
SEONGHWA
62%
BAMBAM
61%
JONGHO
61%
MAKI
61%
THE8
61%
DK
60%
TAEYANG
60%
SEUNGKWAN
59%
JOSHUA
58%
MATTHEW
58%
SOUL
58%
WOOZI
58%
YEOSANG
58%
HOSHI
57%
INTAK
56%
THEO
56%
NICHOLAS
55%
WONWOO
55%
DAESUNG
54%
JIUNG
54%
JEONGHAN
53%
JONGSEOB
53%
KEONHO
53%
BAEKHYUN
52%
JUHO
52%
MINHO
52%
TAKI
52%
TEN
52%
HAECHAN
51%
KEY
51%
CHA EUNWOO
50%
JUHOON
50%
HANBIN
49%
JISUNG
49%
JOHNNY
48%
LEEHAN
48%
NCT TAEYONG
48%
ZHANG HAO
48%
DOYOUNG
47%
JIHO
47%
JUNGWOO
47%
WOONHAK
47%
RIWOO
46%
SEONGHYEON
46%
WONBIN
46%
ANTON
45%
WINWIN
45%
&TEAM EJ
44%
GUNWOOK
44%
GYUVIN
44%
JAEMIN
44%
GOT7 JAY B
44%
JIHOON
44%
SEHUN
44%
SOHEE
44%
EXO SUHO
44%
TAESAN
44%
XLOV WUMUTI
44%
YANGYANG
44%
YUJIN
44%
YUTA
44%
HENDERY
43%
JIWOON
43%
JONGHYUN
43%
LUCAS
43%
RUI
43%
TAERAE
43%
CHENLE
42%
XIAOJUN
42%
CHANYEOL
41%
I.M
41%
JIWOONG
41%
KUN
41%
YOUNGJAE
41%
FUMA
40%
JENO
40%
RENJUN
40%
XIUMIN
40%
HARUA
39%
JINYOUNG
39%
SHINee ONEW
39%
RIIZE SHOTARO
38%
SUNGCHAN
37%
YUMA
36%
RIKU
35%
YECHAN
35%
ERIC
34%
HARUTO
34%
Q
34%
TWS SHINYU
34%
SION
34%
SUNWOO
34%
SAKUYA
32%
JACOB
31%
JOOHONEY
31%
RYO
31%
SANHA
31%
YUGYEOM
31%
YUSHI
31%
ASAHI
30%
EUNSEOK
30%
2PM JUN.K
30%
KEVIN
30%
KYUNGMIN
30%
ASTRO MJ
30%
WONPIL
30%
JINJIN
29%
YOSHI
29%
JAEHEE
28%
1VERSE KENNY
28%
MONSTA X SHOWNU
28%
YOUNG K
28%
DOHOON
27%
JUNHO
27%
MINHYUK
27%
NEW
27%
SEOK
27%
HYUNGWON
26%
HYUNSUK
26%
JEONGWOO
26%
KIHYUN
26%
NATHAN
26%
AMPERS&ONE KAMDEN
25%
SEONGMIN
25%
TAECYEON
25%
TAEYOUNG
25%
ALLEN
23%
E.aN
23%
MACKIAH
23%
HANJIN
22%
WOONGKI
22%
AITO
21%
BRIAN
21%
JAY CHANG
21%
HYUK
20%
HYUNJAE
20%
JUYEON
20%
MINHEE
20%
SERIM
20%
HUN
19%
HYEONGJUN
19%
JUNGMO
19%
TREASURE JUNKYU
19%
KYRELL
19%
THE BOYZ SANGYEON
19%
WOOBIN
19%
YOUNGHOON
19%
JUNGHWAN
18%
TAG
18%
CRAVITY WONJIN
18%
YEDAM
18%
JAEHYUK
17%
XION
17%
DOWOON
16%
LEEDO
16%
SEUNGMO
16%
SHUAIBO
16%
DAY6 SUNGJIN
16%
THE ROSE WOOSUNG
16%
YEOJUN
16%
DOGYUN
15%
CHIH EN
14%
8TURN JAEYUN
14%
JL
14%
JUWON
14%
NICHKHUN
14%
SIYUN
14%
SUNGMIN
14%
DAISUKE
13%
HWANWOONG
13%
ONE PACT JONGWOO
13%
KENSHIN
13%
MYUNGHO
13%
BIG OCEAN PJ
13%
ONEUS SEOHO
13%
SEONGMO
13%
SEUNGHEON
13%
CHANYEON
12%
JISEOK
12%
KEONHEE
12%
AHOF STEVEN
12%
GAKU
11%
HAEMIN
11%
CLOSE YOUR EYES MINWOOK
11%
ON:N
11%
82MAJOR SEONGIL
11%
XAYDEN
11%
YOONSUNG
11%
HAJOON
10%
SEONGBIN
10%
AOEN YUJU
10%
ANDY
9%
CHANSUNG
9%
DOJOON
9%
ARrC HYUNMIN
9%
ALL(H)OURS KUNHO
9%
TEMPEST LEW
9%
MA JINGXIANG
9%
MASAMI
9%
MINJAE
9%
REO
9%
SEOKJOON
9%
TAEGYEOM
9%
YOUMIN
9%
DOHA
8%
EUNCHAN
8%
HIKARU
8%
HYUNBIN
8%
KIEN
8%
KYOSUKE
8%
MINJE
8%
RUKA
8%
SEMIN
8%
SOTA
8%
IDID YONGHOON
8%
HEEJU
7%
HYEONGSEOP
7%
JAEYOUNG
7%
JIBEEN
7%
KYOUNGBAE
7%
TAEIN
7%
IDNNT (UNEVERMET) DOHUN
6%
NCHIVE HA.L
6%
HANJUN
6%
HUIWON
6%
HWANHEE
6%
JUYOUNG
6%
KANGSAN
6%
n.SSign KAZUTA
6%
LAURENCE
6%
RIOTO
6%
ROBIN
6%
N.FLYING SEUNGHYUB
6%
SUNGYUN
6%
YOOCHAN
6%
YUCHAN
6%
NAZE ATO
5%
DOHYEOK
5%
DONGSUNG
5%
HWESEUNG
5%
KAISEI
5%
KIMKUN
5%
TURN
5%
YOUNKI
5%
YUYA
5%
MINGYEOL
4%
HUYK
3%
JUNHYUL
1%
YUNHYU
1%
No matching quizzes found
Score Distribution
Percent of People with Each Score
Percentile by Number Answered
Your Score History
You have not taken this quiz